Countries with the Most Number of Centenarians - Statistics

General Stats
  • This quiz has been taken 46 times
    7 since last reset
  • The average score is 13 of 16
Answer Stats
Centenarians Country % Correct
23,760 Brazil
100%
54,166 China
100%
21,860 France
100%
27,000 India
100%
19,095 Italy
100%
80,450 Japan
100%
12,244 Spain
100%
13,170 United Kingdom
100%
93,927 United States
100%
11,517 Canada
86%
20,582 Russia
86%
17,000 Germany
71%
7,441 Mexico
71%
5,293 Turkey
57%
15,581 South Africa
43%
18,969 Thailand
29%
No matching quizzes found
Score Distribution
Percent of People with Each Score
Percentile by Number Answered
Your Score History
You have not taken this quiz since the last reset